| 000 | 00551nam a2200169Ia 4500 | ||
|---|---|---|---|
| 008 | 090711s9999 xx 000 0 und d | ||
| 082 | _b37242 | ||
| 100 | _aपंडीत मुकुंद | ||
| 245 | _aभाऊ बेलदाराSाी बारी | ||
| 260 | _c1977 | ||
| 300 | _a132 | ||
| 600 | _aपंडीत मुकुंद | ||
| 630 | _aभाऊ बेलदाराSाी बारी | ||
| 700 | _aपंडीत मुकुंद | ||
| 730 | _aभाऊ बेलदाराSाी बारी | ||
| 942 | _cBOOK | ||
| 999 |
_c297935 _d297935 |
||